[Event "1st It"]
[Site "Odivelas POR"]
[Date "2000.12.03"]
[Round "6"]
[White "Leite,C"]
[Black "Strikovic,A"]
[Result "0-1"]
[WhiteElo "2089"]
[BlackElo "2490"]

1.e4 c5 2.c3 Nf6 3.e5 Nd5 4.d4 cxd4 5.Nf3 e6 6.cxd4 d6 7.Nc3 Nxc3 8.bxc3 Qc7
9.Bd2 Nd7 10.exd6 Bxd6 11.Bd3 b6 12.Ng5 Nf6 13.Ne4 Nxe4 14.Bxe4 Rb8 15.Qe2 O-O
16.h3 Bb7 17.O-O Bxe4 18.Qxe4 Qc4 19.Rfe1 Rbc8 20.f4 g6 21.Re3 Ba3 22.h4 h5
23.Rae1 Rfd8 24.Rg3 Qc7 25.Qf3 Kf8 26.f5 exf5 27.Qxh5 Kg8 28.Qf3 Bd6 29.Rh3 Re8
30.Rxe8+ Rxe8 31.h5 Re4 32.hxg6 fxg6 33.Qf2 Qe7 34.Rh6 Kg7 35.Kf1 Qe6 36.Rh3 Qc4+
37.Kg1 Qe2 38.Qxe2 Rxe2 39.Rd3 b5 40.Kf1 Re4 41.Bg5 a5 42.Kf2 Kf7 43.Rh3 b4
44.cxb4 axb4 45.Rh7+ Ke6 46.Rg7 Rxd4 47.Rxg6+ Kd5 48.Rf6 Ke5 49.Rh6 Rc4 50.g3 Rc2+
51.Kf3 Rc3+ 52.Kg2 Kd5 53.Bf4 Rc2+ 54.Kh3 Bxf4 55.gxf4 Rxa2 56.Rb6 Ra4 57.Rb5+ Kc4
58.Rxf5 b3 59.Re5 b2 60.Re4+ Kb3 61.Re3+ Ka2 62.Re2 Rxf4  0-1

[Event "FSIMB December"]
[Site "Budapest HUN"]
[Date "2000.12.04"]
[Round "2"]
[White "Pap,M"]
[Black "Philippe,C"]
[Result "1-0"]
[WhiteElo "2366"]
[BlackElo "2306"]

1.e4 c5 2.c3 Nf6 3.e5 Nd5 4.d4 cxd4 5.Nf3 e6 6.cxd4 b6 7.Nc3 Nxc3 8.bxc3 Qc7
9.Bd2 d6 10.Bd3 Nd7 11.Ng5 Bb7 12.O-O dxe5 13.Qh5 g6 14.Qh3 Be7 15.Rfe1 h6
16.Rad1 e4 17.Bxe4 Bxe4 18.Rxe4 Nf6 19.Rh4 h5 20.Re1 O-O 21.g4 Nh7 22.Nxh7 Kxh7
23.gxh5 Bxh4 24.hxg6+ fxg6 25.Qxh4+ Kg8 26.Rxe6 Rf7 27.Bh6  1-0

[Event "Open"]
[Site "Padova ITA"]
[Date "2000.12.05"]
[Round "4"]
[White "Di Lazzaro,G"]
[Black "Straub,P"]
[Result "1/2-1/2"]
[WhiteElo "2015"]
[BlackElo "2084"]

1.e4 c5 2.c3 Nf6 3.e5 Nd5 4.d4 cxd4 5.Nf3 g6 6.Qxd4 Nb6 7.e6 f6 8.exd7+ Bxd7
9.Be2 Bg7 10.O-O O-O 11.Be3 Nc6 12.Qd2 Qc7 13.Na3 Nb8 14.Rfd1 a6 15.Qd4 Nc8
16.Qd2 Be6 17.Bf4 Qb6 18.Be3 Qc7 19.Bf4 Qb6 20.Be3 Qa5 21.Nc4 Qa4 22.b3 Qe8
23.Nb6 Nxb6 24.Bxb6 Nc6 25.Nd4 Nxd4 26.Qxd4 f5 27.Qe3 Bd7 28.Bc5 Bf6 29.Bf3 Qc8
30.Bd4 e5 31.Bxe5 Re8 32.Bd5+ Be6 33.Bxe6+ Rxe6 34.f4 Qc6 35.Qg3 Bxe5 36.fxe5 Qc5+
37.Kf1 f4 38.Qd3 Rxe5 39.Re1 Rae8 40.Rxe5 Qxe5 41.Rd1  1/2-1/2

[Event "FSIMB December"]
[Site "Budapest HUN"]
[Date "2000.12.07"]
[Round "5"]
[White "Pap,M"]
[Black "Rajlich,V"]
[Result "0-1"]
[WhiteElo "2366"]
[BlackElo "2209"]

1.e4 c5 2.c3 Nf6 3.e5 Nd5 4.d4 cxd4 5.Nf3 e6 6.cxd4 b6 7.Nc3 Nxc3 8.bxc3 Qc7
9.Bd2 Bb7 10.Bd3 d6 11.O-O Nd7 12.Ng5 dxe5 13.Qh5 g6 14.Qh3 Be7 15.Rfe1 a6
16.Rad1 h6 17.Nf3 exd4 18.cxd4 Bd5 19.Rc1 Qb7 20.Bf4 Rc8 21.Rxc8+ Qxc8 22.Rc1 Qa8
23.Ne5 g5 24.Rc7 Bd6 25.Rxd7 Bxe5 26.Qh5 Rf8 27.Rxf7 Rxf7 28.Bxe5 Qc6 29.h3 Bxg2
30.Qxh6 Bd5 31.Qxg5 Qc3 32.Qg8+ Ke7 33.Qg5+ Kd7 34.Qe3 Qa1+ 35.Kh2 Qh1+ 36.Kg3 Rf3+  0-1

[Event "Open"]
[Site "Padova ITA"]
[Date "2000.12.07"]
[Round "6"]
[White "Di Lazzaro,G"]
[Black "Genocchio,D"]
[Result "0-1"]
[WhiteElo "2015"]
[BlackElo "2201"]

1.e4 c5 2.c3 Nf6 3.e5 Nd5 4.d4 cxd4 5.Nf3 Nc6 6.cxd4 d6 7.Bc4 Nc7 8.exd6 Qxd6
9.O-O b5 10.Bb3 Na5 11.Nc3 Bb7 12.Ne5 e6 13.Bf4 Nxb3 14.Qxb3 a6 15.Ng6 Qxd4
16.Bxc7 hxg6 17.Bg3 Qb6 18.Rac1 Bc5 19.Rfe1 Rc8 20.Qd1 Rd8 21.Qe2 Rd4 22.Rcd1 Qc6
23.Qf1 Rg4 24.Kh1 Rh5 25.Re2 b4 26.Nb1 Rd5 27.Red2 Rgd4 28.Rxd4 Bxd4 29.b3 Bb6
30.Rxd5 Qxd5 31.h3 e5 32.f3 Qd4 33.Qe1 f6 34.Nd2 Bd5 35.Ne4 Qe3 36.Qd1  0-1

[Event "Open"]
[Site "Zadar CRO"]
[Date "2000.12.09"]
[Round "1"]
[White "Ikica,A"]
[Black "Rashkovsky,N"]
[Result "1/2-1/2"]
[WhiteElo "2030"]
[BlackElo "2508"]

1.e4 c5 2.c3 Nf6 3.e5 Nd5 4.d4 cxd4 5.cxd4 d6 6.Nf3 Nc6 7.Be2 g6 8.O-O Bg7
9.Nc3 Nxc3 10.bxc3 O-O 11.exd6 Qxd6 12.Be3 Bg4 13.h3 Bxf3 14.Bxf3 Rac8 15.Qa4 b6
16.Rac1 Na5 17.Be2 f5 18.Ba6 Rc7 19.Rfd1 f4 20.Bd2 e5 21.c4 exd4 22.Bb4 Qf6
23.Bxf8 Bxf8 24.c5 Bxc5 25.Rxd4 f3 26.Qe8+ Kg7 27.Rd7+ Rxd7 28.Qxd7+ Kh6
29.Qd2+ Qg5 30.Qxg5+ Kxg5 31.g3 Nc6 32.h4+ Kf6 33.Kf1 Ne5 34.Bb7 g5 35.hxg5+ Kxg5
36.Rd1 h5 37.Rd5 Kf6 38.Rd8 a5 39.Rh8 Kg5 40.Be4 a4 41.Rg8+ Kf6 42.Rd8 a3
43.Bc2 Kg5 44.Rd5 Kf6 45.Bb3 Kf5 46.Rd8 Kg5 47.Rg8+ Kf6 48.Rh8 Nd3 49.Rh7 Nxf2
50.Rf7+ Ke5 51.Rxf3 Ne4 52.Rd3 Bd4 53.Kg2 b5 54.Rd1 b4 55.Rh1 Nc5 56.Rxh5+ Kf6  1/2-1/2

[Event "67th ch-BRA"]
[Site "Teresina BRA"]
[Date "2000.12.10"]
[Round "3"]
[White "Matsuura,E"]
[Black "Vescovi,G"]
[Result "1/2-1/2"]
[WhiteElo "2443"]
[BlackElo "2526"]

1.e4 c5 2.c3 Nf6 3.e5 Nd5 4.d4 cxd4 5.Nf3 e6 6.cxd4 d6 7.Bc4 Nc6 8.O-O Be7
9.Qe2 O-O 10.Nc3 Nxc3  1/2-1/2

[Event "FSIMB December"]
[Site "Budapest HUN"]
[Date "2000.12.14"]
[Round "12"]
[White "Tian Tian"]
[Black "Rajlich,V"]
[Result "1-0"]
[WhiteElo "2224"]
[BlackElo "2209"]

1.e4 c5 2.c3 Nf6 3.e5 Nd5 4.d4 cxd4 5.Nf3 e6 6.Bc4 Nb6 7.Bb3 dxc3 8.Nxc3 d5
9.exd6 Qxd6 10.Qe2 Bd7 11.O-O Be7 12.Ne5 Nc6 13.Bf4 Qb4 14.Nd3 Qa5 15.Qg4 O-O-O
16.Qg3 h5 17.Ne4 h4 18.Qxg7 Qf5 19.Rfe1 Rdg8 20.Qc3 Qh3 21.Ng3 Qg4 22.h3 Qg7
23.Qxg7 Rxg7 24.Ne4 Nd5 25.Nd6+ Bxd6 26.Bxd6 Nd4 27.Rac1+ Bc6 28.Bxd5 exd5
29.Re7 Rhg8 30.Nf4 Nf5 31.Rc7+ Kd8 32.Be5 Ne7 33.Re1 Rg5 34.Bd6 Nc8 35.Be5 Ne7
36.Bd6 Nf5 37.Be5 d4 38.Rxf7 Bxg2 39.Bf6+ Kc8 40.Bxg5 Bc6 41.Ne6 Nd6 42.Rf8+ Rxf8
43.Nxf8 Bf3  1-0

[Event "FSIMA December"]
[Site "Budapest HUN"]
[Date "2000.12.15"]
[Round "13"]
[White "Vajda,S"]
[Black "Dub,Z"]
[Result "1-0"]
[WhiteElo "2282"]
[BlackElo "2137"]

1.e4 c5 2.c3 Nf6 3.e5 Nd5 4.d4 cxd4 5.Nf3 Nc6 6.Bc4 Nb6 7.Bb3 d5 8.exd6 Qxd6
9.Na3 Bf5 10.Nb5 Qb8 11.Nbxd4 Bd7 12.O-O e6 13.g3 Nxd4 14.Qxd4 Qd6 15.Be3 Qxd4
16.Bxd4 Na4 17.Ne5 Nc5 18.Nxd7 Kxd7 19.Rfd1 Kc6 20.Bc4 Nd7 21.a4 a6 22.Bb5+ axb5
23.axb5+ Kxb5 24.Rxa8 Kc6 25.Rc8+  1-0

[Event "TCh-YUG Women"]
[Site "Kragujevac YUG"]
[Date "2000.12.15"]
[Round "5"]
[White "Ivanovic,J"]
[Black "Zivkovic,Ves"]
[Result "0-1"]
[WhiteElo "2099"]
[BlackElo "2171"]

1.e4 c5 2.c3 Nf6 3.e5 Nd5 4.d4 cxd4 5.Nf3 Nc6 6.Bc4 Nb6 7.Bb3 d5 8.cxd4 Bg4
9.Be3 e6 10.O-O Be7 11.Nc3 O-O 12.h3 Bh5 13.g4 Bg6 14.Ne2 Nc4 15.Bxc4 dxc4
16.Nf4 Nb4 17.Nxg6 hxg6 18.Nd2 b5 19.b3 c3 20.Ne4 Nd5 21.a3 a5 22.Qd3 b4
23.a4 Rc8 24.Rac1 Qb6 25.Rc2 Rfd8 26.Ng3 Bh4 27.Ne2 g5 28.Qe4 Qc6 29.Qg2 Rf8
30.Nc1 Qa6 31.Rd1 f5 32.gxf5 Rxf5 33.Nd3 Nf4 34.Bxf4 gxf4 35.Qf3 Qc6 36.Qxc6 Rxc6
37.Nc5 Be7 38.Ne4 Rc8 39.f3 Rd8 40.Nf2 Rg5+ 41.Ng4 Bc5 42.Re2 Rxd4 43.Rxd4 Bxd4+
44.Kf1 Rh5 45.Kg2 Kf7  0-1

[Event "Abel Cardona Open"]
[Site "Cali COL"]
[Date "2000.12.16"]
[Round "1"]
[White "Prieto,E"]
[Black "Buitrago,J"]
[Result "1/2-1/2"]
[WhiteElo "2154"]
[BlackElo "2231"]

1.e4 c5 2.c3 Nf6 3.e5 Nd5 4.d4 cxd4 5.Nf3 Nc6 6.Bc4 Nb6 7.Bb3 d6 8.exd6 e6
9.O-O Qxd6 10.cxd4 Be7 11.Nc3 O-O 12.Qe2 Bd7 13.Rd1 Rad8 14.d5 exd5 15.Nxd5 Nxd5
16.Rxd5 Qc7 17.Be3 Bf6 18.Rad1 Rfe8 19.Qc2 Bg4 20.Rxd8 Rxd8 21.Rc1 Qd7 22.Ng5 Bxg5
23.Bxg5 Nd4 24.Qc7 Re8 25.Qxd7 Bxd7 26.Rd1 Nxb3 27.axb3 Be6  1/2-1/2

[Event "2nd Viking IM"]
[Site "York ENG"]
[Date "2000.12.16"]
[Round "4"]
[White "Goodger,M"]
[Black "Palliser,R"]
[Result "0-1"]
[WhiteElo "2148"]
[BlackElo "2322"]

1.e4 c5 2.c3 Nf6 3.e5 Nd5 4.d4 cxd4 5.Qxd4 e6 6.Nf3 Nc6 7.Qe4 f5 8.Qe2 Qc7
9.g3 b6 10.Bg2 Ncb4 11.c4 b5 12.a3 Qa5 13.O-O bxc4 14.axb4 Qxa1 15.Na3 Bxb4
16.Ng5 Bb7 17.g4 f4 18.Qc2 Bxa3 19.bxa3 Qxe5 20.h4 Kf8 21.a4 Bc6 22.Ba3+ Kg8
23.Qxc4 h5 24.Qc1 hxg4 25.Bb2 Qf5 26.Be4 Qf8 27.Bg6 Rxh4 28.Qc2 Nb4 29.Qb1 Rh1+  0-1

[Event "Abel Cardona Open"]
[Site "Cali COL"]
[Date "2000.12.18"]
[Round "4"]
[White "Sequera,J"]
[Black "Urday,H"]
[Result "1/2-1/2"]
[WhiteElo "2357"]
[BlackElo "2486"]

1.e4 c5 2.c3 Nf6 3.e5 Nd5 4.g3 d6 5.exd6 e6 6.Bg2 Nc6 7.Ne2 Bxd6 8.d4 O-O
9.O-O Qe7 10.Re1 Rd8 11.Nd2 cxd4 12.Nxd4 Nxd4 13.Bxd5 Nc6 14.Be4 Bd7 15.Nc4 Bc7
16.Qh5 h6 17.Ne3 Be8 18.Qe2  1/2-1/2

[Event "Abel Cardona Open"]
[Site "Cali COL"]
[Date "2000.12.18"]
[Round "4"]
[White "Sanchez,V"]
[Black "Herrera,I"]
[Result "1-0"]
[WhiteElo "2282"]
[BlackElo "2467"]

1.e4 c5 2.c3 Nf6 3.e5 Nd5 4.Nf3 e6 5.d4 cxd4 6.Bc4 Nb6 7.Bb3 d6 8.cxd4 Nc6
9.exd6 Bxd6 10.Nc3 O-O 11.O-O Re8 12.Re1 Ne7 13.Bc2 Ng6 14.Ng5 Nf8 15.Qh5 g6
16.Qh6 Be7 17.Nf3 Bf6 18.Ne4 Bg7 19.Qe3 Nd5 20.Qe2 Qc7 21.Bb3 Bd7 22.Ne5 Bc6
23.Ng5 Re7 24.Bd2 Qb6 25.Qg4 Rd8 26.Qh4 Rde8 27.Rac1 f6 28.Nxc6 bxc6 29.Nf3 Nd7
30.Rc4 e5 31.Rec1  1-0

[Event "ch-ISR"]
[Site "Ramat-Aviv/Modiin ISR"]
[Date "2000.12.27"]
[Round "10"]
[White "Finkel,A"]
[Black "Roiz,M"]
[Result "1/2-1/2"]
[WhiteElo "2467"]
[BlackElo "2440"]

1.e4 c5 2.c3 Nf6 3.e5 Nd5 4.d4 cxd4 5.Nf3 Nc6 6.cxd4 d6 7.Bc4 Nb6 8.Bb5 dxe5
9.Nxe5 Bd7 10.Bxc6 Bxc6 11.Nxc6 bxc6 12.O-O g6 13.Be3 Bg7 14.Nc3 O-O 15.Rc1 Rc8
16.Qe2 Nd5 17.Nxd5 Qxd5 18.Rc4 Rfd8 19.Rfc1 Qe4 20.Kf1 Qh4 21.h3 Bxd4 22.Bxd4 Rxd4
23.Rxc6 Rxc6 24.Rxc6 Qf4  1/2-1/2

[Event "Open"]
[Site "Ano Liosia GRE"]
[Date "2000.12.28"]
[Round "2"]
[White "Sigalas,F"]
[Black "Szieberth,A"]
[Result "0-1"]
[WhiteElo "2069"]
[BlackElo "2421"]

1.e4 c5 2.c3 Nf6 3.e5 Nd5 4.d4 cxd4 5.Nf3 Nc6 6.Bc4 Nb6 7.Bb3 d5 8.exd6 Qxd6
9.Na3 dxc3 10.Qe2 cxb2 11.Bxb2 Qb4+ 12.Kf1 Bf5 13.Nb5 O-O-O 14.Nfd4 Nxd4
15.Bxd4 Rxd4 16.Rc1+ Kb8 17.Qe5+ Rd6 18.Qxf5 e6 19.Qh5 Rd5 20.Bxd5 Qxb5+
21.Kg1 Qxd5 22.Qxf7 Bc5  0-1

[Event "ch-ISR"]
[Site "Ramat-Aviv/Modiin ISR"]
[Date "2000.12.28"]
[Round "11"]
[White "Roiz,M"]
[Black "Sutovsky,E"]
[Result "1/2-1/2"]
[WhiteElo "2440"]
[BlackElo "2609"]

1.e4 c5 2.c3 Nf6 3.e5 Nd5 4.d4 Nc6 5.Nf3 cxd4 6.cxd4 d6 7.Bc4 Nb6 8.Bb5 dxe5
9.Nxe5 Bd7 10.Nxd7 Qxd7 11.Nc3 Rd8 12.O-O e6 13.Bg5 Be7 14.Bxe7 Qxe7 15.Bxc6+ bxc6
16.Qf3 O-O 17.Qxc6 Rxd4 18.Rad1 Rc4 19.Qd6 Qf6 20.Rd3 Na4 21.Nxa4 Rxa4 22.Ra3 Rd4
23.Qc7 Rd2 24.b4 Qd4 25.Rxa7 Qxb4 26.a4 Qb8 27.Rc1 Qxc7  1/2-1/2

[Event "Open"]
[Site "Ano Liosia GRE"]
[Date "2000.12.29"]
[Round "3"]
[White "Khamrakulov,I"]
[Black "Dvoirys,S"]
[Result "1-0"]
[WhiteElo "2359"]
[BlackElo "2562"]

1.e4 c5 2.c3 Nf6 3.e5 Nd5 4.Nf3 Nc6 5.Bc4 Nb6 6.Bb3 d5 7.exd6 Qxd6 8.d4 cxd4
9.O-O Be6 10.Na3 Bxb3 11.Qxb3 Qd5 12.Nb5 Rc8 13.Bf4 Qxb3 14.axb3 Nd5 15.Bg3 a6
16.Nbxd4 Nxd4 17.Nxd4 h5 18.h4 Rh6 19.Ra5 e6 20.b4 Rg6 21.Re1 Nxb4 22.Rxh5 Nd3
23.Re2 Rh6 24.Rg5 g6 25.Rg4 Rh5 26.Nxe6 fxe6 27.Rxe6+ Kf7 28.Rb6 Rc6 29.Rxb7+ Kg8
30.Rd4 Nc5 31.Rb8 Ne6 32.Rg4 Kf7 33.Rb7+ Be7 34.c4 Nc5 35.Ra7 Ne6 36.b4 Rh8
37.c5 Ng7 38.h5 Nf5 39.Rxg6 Rxg6 40.hxg6+ Kxg6 41.Rxa6+ Kg5 42.Be5 Rd8  1-0

[Event "108th ch-NZL"]
[Site "Auckland NZL"]
[Date "2000.12.30"]
[Round "1"]
[White "Van der Hoorn,M"]
[Black "Hare,T"]
[Result "1-0"]
[WhiteElo "2115"]
[BlackElo "2180"]

1.e4 c5 2.c3 Nf6 3.e5 Nd5 4.d4 e6 5.Nf3 Nc6 6.c4 Nb6 7.d5 exd5 8.cxd5 Nb4
9.d6 h6 10.Nc3 a6 11.a3 Nc6 12.Ne4 c4 13.Be2 Rb8 14.O-O Na5 15.Re1 f5 16.Nfg5  1-0

[Event "Christmas Open"]
[Site "Zurich SUI"]
[Date "2000.12.30"]
[Round "7"]
[White "Filipovic,Br"]
[Black "Cvitan,O"]
[Result "1/2-1/2"]
[WhiteElo "2447"]
[BlackElo "2541"]

1.e4 c5 2.c3 Nf6 3.e5 Nd5 4.g3 d6 5.exd6 e6 6.Bg2 Bxd6 7.Nf3 O-O 8.O-O Nc6
9.d4 h6 10.dxc5 Bxc5 11.Qe2 a6 12.c4 Nf6 13.Nc3 Qe7  1/2-1/2

[Event "Anibal Open"]
[Site "Anibal Open ESP"]
[Date "2001.01.08"]
[Round "1"]
[White "Khamrakulov,I"]
[Black "Fominyh,A"]
[Result "0-1"]
[WhiteElo "2359"]
[BlackElo "2594"]

1.e4 c5 2.c3 Nf6 3.e5 Nd5 4.Nf3 Nc6 5.d4 cxd4 6.Bc4 Nb6 7.Bb3 g6 8.Ng5 d5
9.exd6 e6 10.Qf3 Ne5 11.Qe4 Bg7 12.cxd4 Nec4 13.O-O Nxd6 14.Qf4 O-O 15.Nc3 Nf5
16.Rd1 Bd7 17.Nf3 Bc6 18.Ne5 Nd5 19.Qg4 Nf6 20.Qf4 Rc8 21.Nxc6 bxc6 22.Be3 Nd5
23.Qe4 Ndxe3 24.fxe3 Qg5 25.Rd3 c5 26.dxc5 Rxc5 27.Qf4 Qe7 28.Rad1 Be5 29.Qf2 Nd6
30.g3 Rfc8 31.Ne2 Kg7 32.Nf4 Rc1 33.Qd2 Rxd1+ 34.Qxd1 Rc7 35.Kg2 a5 36.Qe1 Ra7
37.a4 Ne4 38.Bc2 Nc5 39.Rd1 Qb7+ 40.Kg1 Qxb2 41.Qe2 Bxf4 42.gxf4 Qc3 43.Kf2 Rb7
44.Qd2 Qxd2+ 45.Rxd2 Rb4 46.Rd4 Rb2 47.Rc4 Nxa4 48.Rxa4 Rxc2+ 49.Kg3 Rc5
50.Kg4 Kf6 51.h3 Ke7 52.Rd4 h6 53.Kf3 Rh5 54.Kg4 Rd5 55.Ra4 Kd6  0-1

[Event "Anibal Open"]
[Site "Anibal Open ESP"]
[Date "2001.01.13"]
[Round "6"]
[White "Potkin,V"]
[Black "Epishin,V"]
[Result "1/2-1/2"]
[WhiteElo "2420"]
[BlackElo "2567"]

1.e4 c5 2.c3 Nf6 3.e5 Nd5 4.d4 cxd4 5.Nf3 e6 6.cxd4 d6 7.Bc4 Be7 8.O-O O-O
9.Qe2 Nc6 10.Qe4 f5 11.exf6 Bxf6 12.Bxd5 exd5 13.Qxd5+ Kh8 14.Be3 Ne7 15.Qb3 b6
16.Ng5 Qe8 17.Ne6 Bxe6 18.Qxe6 Nc6 19.Qd5 Ne7 20.Qe4 Qb5 21.b3 Rac8 22.Nd2 Nf5
23.a4 Qd7 24.Qd3 d5 25.Rfe1 Nh4 26.Nf1 Qf5 27.Rad1 Qxd3 28.Rxd3 Nf5 29.Ng3 Nxe3
30.fxe3 Bh4 31.Rf1 Bxg3 32.Rxf8+ Rxf8 33.hxg3 Rc8 34.Kf2 Kg8 35.Kf3 Kf7 36.e4 Ke6
37.e5 a6 38.g4 b5 39.axb5 axb5 40.Kf4 Rc2  1/2-1/2

[Event "Czech Extra League 2000-1"]
[Site "CZE"]
[Date "2001.01.13"]
[Round "4"]
[White "David,P"]
[Black "Mikhaletz,L"]
[Result "1/2-1/2"]
[WhiteElo "2436"]
[BlackElo "2499"]

1.e4 c5 2.c3 Nf6 3.e5 Nd5 4.d4 cxd4 5.Nf3 e6 6.cxd4 b5 7.Nbd2 b4 8.Nc4 h6
9.Ne3 Bb7 10.Bc4 Qa5 11.Bd2 Nxe3 12.fxe3 d5 13.exd6 Bxd6 14.a3 O-O 15.O-O Qc7
16.Rc1 bxa3 17.bxa3 Qe7 18.a4 Nd7 19.Be1 Rfc8 20.a5 Bd5 21.Bd3 f5 22.Rf2 Nf6
23.Rxc8+ Rxc8 24.h3 Ne4 25.Rc2 Rf8 26.Qc1 Qb7 27.Ne5 Qb3 28.Bc4 Bxc4 29.Rxc4 Bxe5
30.dxe5 Rd8 31.Rc8 Rxc8 32.Qxc8+ Kh7 33.Qc1 Qd5 34.Qa1 a6 35.Bc3 Qb3 36.Bd4 Nd2
37.Qe1 Qb1 38.Qxb1 Nxb1 39.Kf2 Nd2 40.Ke2 Ne4 41.Bb2 g5 42.Ba3 h5 43.h4 Kg6
44.Be7 gxh4 45.Bxh4 Kf7 46.Kd3 Ke8 47.Be1 Kd7 48.Kd4 Kc6 49.Kc4 Ng5 50.Bh4 Nf7
51.Bf6 Nh6  1/2-1/2

[Event "TCh-FIN 00-01"]
[Site "FIN"]
[Date "2001.01.13"]
[Round "6"]
[White "Vihinen,T"]
[Black "Niemela,A"]
[Result "0-1"]
[WhiteElo "2163"]
[BlackElo "2246"]

1.e4 c5 2.c3 Nf6 3.e5 Nd5 4.d4 cxd4 5.Nf3 Nc6 6.Bc4 Nb6 7.Bb3 d5 8.exd6 Qxd6
9.O-O Be6 10.Na3 dxc3 11.Qe2 Bxb3 12.Nb5 Qb8 13.axb3 e5 14.bxc3 Be7 15.Bg5 f6
16.Be3 Nc8 17.c4 O-O 18.c5 Kh8 19.Qc4 a5 20.Rfd1 N8a7 21.Nd6 Bxd6 22.cxd6 b5
23.Qc5 Qb7 24.d7 Rfd8 25.Qd5 Rab8 26.Rac1 Nd4 27.Qc5 Ne2+ 28.Kf1 Nxc1  0-1

[Event "Tch-AUT 2000-01"]
[Site "Graz AUT"]
[Date "2001.01.19"]
[Round "6"]
[White "Penz,H"]
[Black "Wittmann,W"]
[Result "1/2-1/2"]
[WhiteElo "2392"]
[BlackElo "2369"]

1.e4 c5 2.c3 Nf6 3.e5 Nd5 4.d4 cxd4 5.Nf3 e6 6.cxd4 d6 7.Bc4 Nc6 8.O-O Be7
9.Qe2 O-O 10.Rd1 Na5 11.Bxd5 exd5 12.Nc3 Be6 13.Bf4 a6 14.Na4 Rc8 15.Rac1 Rxc1
16.Rxc1 b5 17.exd6 Bxd6 18.Bxd6 Qxd6 19.Nc5 Bg4 20.Qe5 Qh6  1/2-1/2

[Event "Tch-AUT 2000-01"]
[Site "Graz AUT"]
[Date "2001.01.20"]
[Round "7"]
[White "Wach,M"]
[Black "Horvath,Ta1"]
[Result "1-0"]
[WhiteElo "2381"]
[BlackElo "2353"]

1.e4 c5 2.c3 Nf6 3.e5 Nd5 4.Nf3 e6 5.Bc4 d6 6.O-O Be7 7.d4 cxd4 8.exd6 Qxd6
9.Nxd4 Nb6 10.Bb3 O-O 11.Qf3 Nc6 12.Be3 Nxd4 13.Bxd4 e5 14.Be3 Qc6 15.Nd2 Bd7
16.Rfe1 Qc7 17.Qg3 Kh8 18.Bxb6 axb6 19.Qxe5 Bd6 20.Qh5 Ra5 21.Qh4 Bf4 22.Nf3 Bc6
23.Bc2 h6 24.Be4 Bd7 25.b4 Ra3 26.Rad1 Ba4 27.Rd3 Bc2 28.Rd4 Bxe4 29.Rdxe4 Bd6
30.Nd4 Qd7 31.Qh5 Rxc3 32.Nf5 Kh7 33.g3 Qc6 34.b5 Qc5 35.Rg4 Be5 36.Rxe5 Qxe5
37.Rxg7+ Qxg7 38.Nxg7 Rc1+ 39.Kg2 Kxg7 40.Qg4+ Kh8 41.Qf4 Rfc8 42.Qxh6+ Kg8
43.Qxb6 R8c7 44.h4 Rd7 45.Qe3 Rcd1 46.a4  1-0

[Event "Trudova Ukraina"]
[Site "Kyiv UKR"]
[Date "2001.01.21"]
[Round "3"]
[White "Eschenko,V"]
[Black "Malakhatko,V"]
[Result "1/2-1/2"]
[WhiteElo "2443"]
[BlackElo "2513"]

1.e4 c5 2.c3 Nf6 3.e5 Nd5 4.d4 cxd4 5.Nf3 Nc6 6.Bc4 Nb6 7.Bb3 d6 8.exd6 Qxd6
9.Na3 dxc3 10.Qe2 Bf5 11.Nb5 Qd7 12.Ne5 Nxe5 13.Qxe5 Rc8 14.O-O Nc4 15.Bxc4 Rxc4
16.Nxc3 e6 17.Re1 Rc5 18.Qg3 Bg6 19.Bf4 Be7 20.Rad1 Qc6 21.Be3 Rc4 22.Qb8+ Qc8
23.Qxc8+ Rxc8 24.Bxa7 O-O 25.Rd7 Bf6 26.Rxb7 Bxc3 27.bxc3 Rxc3  1/2-1/2

[Event "ch-POL Boys U18"]
[Site "Zakopane POL"]
[Date "2001.01.21"]
[Round "6"]
[White "Maka,Mar"]
[Black "Moldawski,T"]
[Result "1/2-1/2"]
[WhiteElo "2094"]
[BlackElo "2021"]

1.e4 c5 2.c3 Nf6 3.e5 Nd5 4.d4 cxd4 5.Nf3 Nc6 6.Bc4 e6 7.cxd4 d6 8.Qe2 dxe5
9.dxe5 Na5 10.Bd3 Bb4+ 11.Kf1 Bd7 12.g3 Qb6 13.Nbd2 Be7 14.a3 Nb3 15.Nxb3 Qxb3
16.Bc4 Qb6 17.Bxd5 exd5 18.Be3 Bc5 19.Bxc5 Bh3+ 20.Kg1 Qxc5 21.Ng5 Be6 22.Nxe6 fxe6
23.Qg4 O-O 24.Qxe6+ Kh8 25.Rf1 Rxf2 26.Rxf2 Rf8 27.Kg2 Qxf2+ 28.Kh3 Qf3 29.Rc1 d4
30.Rc8 Qh5+  1/2-1/2

[Event "ch-POL Girls U16"]
[Site "Zakopane POL"]
[Date "2001.01.22"]
[Round "7"]
[White "Tekielak,I"]
[Black "Poznanska,K"]
[Result "1-0"]
[WhiteElo "2003"]
[BlackElo "2083"]

1.e4 c5 2.c3 Nf6 3.e5 Nd5 4.d4 cxd4 5.cxd4 e6 6.Nc3 Nxc3 7.bxc3 Qc7 8.Bd2 b6
9.Bd3 Bb7 10.Nf3 h6 11.O-O d6 12.Re1 Nd7 13.Qe2 dxe5 14.Nxe5 Nxe5 15.dxe5 Rd8
16.Rad1 Be7 17.Bc2 g6 18.Qg4 h5 19.Qg3 Bc6 20.h3 Rd7 21.Bc1 h4 22.Rxd7 Bxd7
23.Qf3 Bc6 24.Be4 Bxe4 25.Rxe4 Qc6 26.Qd3 O-O 27.Rd4 Rc8 28.Bd2 Qa8 29.Rg4 Kg7
30.Qd7 Re8 31.Be3 Qc8 32.Qd2 Rd8 33.Qc1 Rd5 34.Bg5 Qd8 35.Bxe7 Qxe7 36.Qf4 Rd8
37.Rxh4 Rh8 38.Qf6+ Qxf6 39.exf6+ Kg8 40.Rc4 Rh5 41.Rc8+ Kh7 42.Rc7 Rc5 43.Rxf7+ Kg8
44.Rxa7 Rxc3 45.Rb7 Rc6 46.Rg7+ Kf8 47.Rxg6 Kf7 48.Rh6 Rc2 49.a4 Rc4 50.g4 Rxa4
51.g5 Ra5 52.Rh7+ Kf8 53.h4 Rf5 54.Rb7 b5 55.Kg2 Kg8 56.Kg3  1-0

[Event "ch-POL Girls U16"]
[Site "Zakopane POL"]
[Date "2001.01.25"]
[Round "10"]
[White "Tekielak,I"]
[Black "Kupczyk,E"]
[Result "1/2-1/2"]
[WhiteElo "2003"]
[BlackElo "2010"]

1.e4 c5 2.c3 Nf6 3.e5 Nd5 4.d4 cxd4 5.Nf3 Nc6 6.cxd4 d6 7.exd6 Qxd6 8.h3 g6
9.Nc3 Bg7 10.Bc4 Nb6 11.Bb5 Bd7 12.Be3 O-O 13.O-O Rfd8  1/2-1/2

[Event "6th HIT Open"]
[Site "Nova Gorica SLO"]
[Date "2001.01.26"]
[Round "2"]
[White "Navinsek,T"]
[Black "Sax,G"]
[Result "0-1"]
[WhiteElo "2303"]
[BlackElo "2559"]

1.e4 c5 2.c3 Nf6 3.d3 g6 4.Nf3 Bg7 5.Nbd2 O-O 6.Be2 Nc6 7.O-O Qb6 8.Rb1 d5
9.b4 dxe4 10.dxe4 cxb4 11.cxb4 Rd8 12.Qb3 Be6 13.Bc4 Bxc4 14.Nxc4 Qc7 15.Be3 Nxe4
16.Rbc1 b5 17.Nce5 Bxe5 18.Nxe5 Qxe5 19.Rxc6 Nd2 20.Bxd2 Rxd2 21.Ra6 Qd4
22.a4 Rc8 23.axb5 Rxf2  0-1

[Event "Open"]
[Site "Ubeda ESP"]
[Date "2001.01.26"]
[Round "6"]
[White "Potkin,V"]
[Black "Golod,V"]
[Result "1/2-1/2"]
[WhiteElo "2470"]
[BlackElo "2591"]

1.e4 c5 2.c3 Nf6 3.e5 Nd5 4.d4 cxd4 5.Nf3 Nc6 6.cxd4 d6 7.Bc4 Nb6 8.Bb5 dxe5
9.Nxe5 Bd7 10.Nxd7 Qxd7 11.Nc3 Rd8 12.O-O e6 13.Bg5 Be7 14.Bxe7 Qxe7 15.Qf3  1/2-1/2

[Event "Open"]
[Site "Ubeda ESP"]
[Date "2001.01.26"]
[Round "6"]
[White "Jonkman,H"]
[Black "Comas Fabrego,L"]
[Result "1/2-1/2"]
[WhiteElo "2383"]
[BlackElo "2508"]

1.e4 c5 2.c3 Nf6 3.e5 Nd5 4.Nf3 e6 5.Bc4 Nc6 6.d4 cxd4 7.cxd4 d6 8.O-O Be7
9.Qe2 O-O 10.Rd1 Bd7 11.Bd2 Qb6 12.exd6 Bxd6 13.Nc3 Nce7 14.Ne4 Ng6 15.Qe1 Bb4
16.Nc5 Bc6 17.Bxd5 Bxd2 18.Qxd2 exd5 19.Re1 Rae8 20.b4 Qc7 21.Rac1 Rxe1+
22.Rxe1 b6 23.Nd3 f6 24.h4 Re8 25.g3 Qd6 26.Rxe8+ Bxe8 27.Nfe1 Bb5 28.a3 Bxd3
29.Nxd3 Kf7 30.Qc2 Qd7 31.Ne1 h6 32.Ng2 Ne7 33.Ne3 Qc6 34.Kf1  1/2-1/2

[Event "Open"]
[Site "Ubeda ESP"]
[Date "2001.01.27"]
[Round "7"]
[White "Arencibia,W"]
[Black "Garcia Martinez,S"]
[Result "1/2-1/2"]
[WhiteElo "2534"]
[BlackElo "2371"]

1.e4 c5 2.c3 Nf6 3.e5 Nd5 4.d4 cxd4 5.Qxd4 e6 6.Nf3 Nc6 7.Qe4 f5 8.exf6 Nxf6
9.Qh4 Be7 10.Bd3 O-O 11.O-O Qe8  1/2-1/2

[Event "6th HIT Open"]
[Site "Nova Gorica SLO"]
[Date "2001.01.29"]
[Round "5"]
[White "Asylguzhin,R"]
[Black "Tonon,A"]
[Result "0-1"]
[WhiteElo "2354"]
[BlackElo "2175"]

1.e4 c5 2.c3 Nf6 3.e5 Nd5 4.d4 cxd4 5.cxd4 d6 6.Nf3 Nc6 7.Bc4 Nb6 8.Bb3 d5
9.O-O Bg4 10.Be3 e6 11.h3 Bh5 12.Nc3 Be7 13.Qe2 O-O 14.Rad1 Rc8 15.g4 Bg6
16.Nh2 f6 17.exf6 Bxf6 18.f4 Qd7 19.Nf3 Be7 20.Rde1 Rce8 21.a3 Qd8 22.Bc2 Bxc2
23.Qxc2 Bf6 24.Ne2 Nc4 25.Bc1 Qb6 26.Rd1 e5 27.g5 e4 28.gxf6 exf3 29.Rxf3 Rxe2
30.Qxe2 Nxd4 31.Rxd4 Qxd4+ 32.Kh2 Qxf6 33.b3 Ne5 34.Rg3 Nc6 35.Qb5 Qf7 36.f5 Nd4
37.Qd3 Nxf5 38.Rf3 Qe6 39.Bb2 d4 40.Bxd4 Qd6+  0-1

[Event "6th HIT Open"]
[Site "Nova Gorica SLO"]
[Date "2001.01.30"]
[Round "6"]
[White "Skok,J"]
[Black "Jankovic,A"]
[Result "0-1"]
[WhiteElo "2079"]
[BlackElo "2273"]

1.e4 c5 2.c3 Nf6 3.e5 Nd5 4.d4 cxd4 5.Nf3 e6 6.cxd4 d6 7.Bd3 Bd7 8.O-O Bc6
9.a3 Nd7 10.Qe2 Be7 11.Re1 Rc8 12.Bd2 dxe5 13.dxe5 Nc5 14.Bc2 Qb6 15.b4 Na4
16.Ra2 Bb5 17.Qd1 Nac3 18.Nxc3 Nxc3 19.Bxc3 Rxc3 20.Nd4 O-O 21.Nxb5 Qxb5
22.Qd4 Rfc8 23.Be4 g6 24.h3 Rc1 25.Ra1 R8c4 26.Qd3 Rxa1 27.Rxa1 Qxe5 28.Qxc4 Qxa1+
29.Kh2 Qxa3 30.Qc8+ Kg7 31.Qxb7 Qxb4 32.Bf3 Qxb7 33.Bxb7 a5 34.Bc6 Bc5 35.Kg3 f5
36.f4 Kf6 37.Kf3 e5 38.fxe5+ Kxe5 39.g4 Be7 40.Ba4 h5 41.gxh5 gxh5 42.Be8 h4
43.Ba4 Bb4 44.Ke2 Kd4 45.Bc2 f4 46.Kf3 Bd6 47.Ba4 Kc5 48.Kg4 Kb4 49.Bc6 a4
50.Kxh4 a3 51.Bd5 f3  0-1

[Event "1st Mario Covas"]
[Site "Santos BRA"]
[Date "2001.01.30"]
[Round "2"]
[White "Matsuura,E"]
[Black "Zapata,A"]
[Result "1/2-1/2"]
[WhiteElo "2452"]
[BlackElo "2485"]

1.e4 c5 2.c3 Nf6 3.e5 Nd5 4.d4 cxd4 5.Nf3 e6 6.cxd4 d6 7.Bc4 Nc6 8.O-O Be7
9.Qe2 O-O 10.Rd1 Re8 11.Bd2 b6 12.Nc3 Nxc3 13.Bxc3 d5 14.Bd3 a5  1/2-1/2